| 000 | 00868nam a2200241 a 4500 | ||
|---|---|---|---|
| 005 | 20080616100023.0 | ||
| 008 | 070814s2007 ii 001 0 eng | ||
| 010 | _aENG-91548 | ||
| 020 |
_a9788189840129 _c150.00 |
||
| 035 | _aEN-75081 | ||
| 037 | _bDBAD / PUB | ||
| 040 |
_adpl _bEnglish |
||
| 082 | _a338.7 | ||
| 100 | _aPanneerselvam, R. | ||
| 245 |
_aBusiness economics / _cby R. Panneerselvam |
||
| 260 |
_aErode _bPallavi Pathippagam South India _c2008 |
||
| 300 |
_a159p. _c20cm (pbk) |
||
| 520 | _aContributed articles chiefly with reference to India. | ||
| 650 | _aBusiness economics | ||
| 650 | _aManagerial economics | ||
| 942 |
_2ddc _cEN _mPAN _h338.7 |
||
| 999 |
_c18142 _d18142 |
||